| 000 | 00987cam a22002411 4500 | ||
|---|---|---|---|
| 001 | pa 58000023 | ||
| 003 | DLC | ||
| 005 | 20260227111854.0 | ||
| 008 | 910607s1957 dcu 000 0 spa c | ||
| 010 | _apa 58000023 | ||
| 035 | _a(OCoLC)23898439 | ||
| 040 |
_aPan American Union. Library. _cTxU _dDLC |
||
| 042 | _apremarc | ||
| 043 | _an----- | ||
| 050 | 0 | 0 |
_aKDZ351 _b.P36 1957 |
| 110 | 2 |
_aPan American Union. _bGeneral Legal Division. |
|
| 245 | 1 | 0 |
_aAntecedentes informativos sobre la labor desarrollada por la Organización de los Estados Americanos en relación con el derecho del mar. _cDocumento preparado [por la División Jurídica] para la Conferencia de las Naciones Unidas sobre el Derecho del Mar, Ginebra, Suiza, 1958. |
| 260 |
_aWáshington, _bDepartamento de Asuntos Jurídicos, Unión Panamericana, _c1957. |
||
| 300 |
_avi, 48 p. _c28 cm. |
||
| 500 | _aIssued also in English. | ||
| 650 | 0 |
_aMaritime law _zAmerica. |
|
| 710 | 2 | _aOrganization of American States. | |
| 999 |
_c51359 _d51359 |
||